000 01241nam a2200337 i 4500
001 bg
003 BPK
005 20200421134745.0
008 981103s1985 pl a f f |000 0 pol
015 _aPB 1986/6471
040 _aWA N
_cBPK
041 0 _apol
080 _a624
080 _a514.18
080 _a(075.8)
100 1 _aPrzewłocki, Stefan
_d(1933- )
_eAutor
245 1 0 _aGeometria wykreślna w zastosowaniu /
_cStefan Przewłocki.
250 _a[Wyd. 2].
260 _aŁódź :
_bWydaw. Pł,
_c1985.
300 _a257 s., [3] k. tabl. :
_bfot., rys., wykr. ;
_c21 cm.
490 1 _aSkrypty dla Szkół Wyższych / Politechnika Łódzka.
500 _aWyd. 1 pt. : Geometria wykreślna w projektowaniu cienkościennych konstrukcji budowlanych.
504 _aBibliogr. s. 255-257.
650 4 _aGeometria wykreślna
_xstosowanie
_xbudownictwo.
650 4 _aBudownictwo
_xprojekty.
655 4 _aPodręczniki akademickie
710 2 _aPolitechnika Łódzka
_bWydawnictwo.
_4pbl.
856 _uhttp://koha.tu.koszalin.pl/cgi-bin/koha/opac-detail.pl?biblionumber=2956
_yKatalog online BPK
830 0 _aSkrypty dla Szkół Wyższych - Politechnika Łódzka
942 _2UKD
_cKS
999 _c2956
_d2956